书目信息 |
| 题名: |
中国工艺美术大师汪天稳
|
|
| 作者: | 张道一 总主编 ;程万里 著 | |
| 分册: | 皮影 | |
| 出版信息: | 南京 江苏美术出版社 2013.06 |
|
| 页数: | 160页 | |
| 开本: | 29cm | |
| 丛书名: | ||
| 单 册: | ||
| 中图分类: | J521 , J528.3 | |
| 科图分类: | ||
| 主题词: | 工艺美术--作品集--中国--现代 , 皮影--民间工艺--作品集--中国--现代 , 工艺美术 , 皮影 , 民间工艺 | |
| 电子资源: | ||
| ISBN: | 978-7-5344-5754-8 | |
| 000 | 01160nam0 2200325 450 | |
| 001 | 0120131158583 | |
| 005 | 20140609153625.78 | |
| 010 | @a978-7-5344-5754-8@dCNY128.00 | |
| 100 | @a20131030d2013 em y0chiy0110 ea | |
| 101 | 0 | @achi |
| 102 | @aCN@b320000 | |
| 105 | @aa z 000yy | |
| 106 | @ar | |
| 200 | 1 | @a中国工艺美术大师汪天稳@9zhong guo gong yi mei shu da shi wang tian wen@i皮影@dMasters of Chinese arts and crafts Wang Tianwen@iShadow puppet@f张道一总主编@g程万里著@zeng |
| 210 | @a南京@c江苏美术出版社@d2013.06 | |
| 215 | @a160页@c图@d29cm | |
| 330 | @a本书共五章,内容包括:厚积薄发 大师创作人生、守望创新 大师创作方法、作品欣赏、时代弄潮 大师创作随想、艺术评价。 | |
| 333 | @a皮影爱好者 | |
| 510 | 1 | @aMasters of Chinese arts and crafts Wang Tianwen@iShadow puppet@zeng |
| 606 | 0 | @a工艺美术@x作品集@y中国@z现代 |
| 606 | 0 | @a皮影@x民间工艺@x作品集@y中国@z现代 |
| 606 | 0 | @a工艺美术 |
| 606 | 0 | @a皮影 |
| 606 | 0 | @a民间工艺 |
| 690 | @aJ521@v5 | |
| 690 | @aJ528.3@v5 | |
| 701 | 0 | @a张道一@9zhang dao yi@4总主编 |
| 702 | 0 | @a程万里@9cheng wan li@4著 |
| 801 | 0 | @aCN@b人天书店@c20131030 |
| 905 | @b549922-24@dJ521@e347@f3 | |
| 中国工艺美术大师汪天稳.皮影=Masters of Chinese arts and crafts Wang Tianwen.Shadow puppet/张道一总主编/程万里著.-南京:江苏美术出版社,2013.06 |
| 160页:图;29cm |
| 使用对象:皮影爱好者 |
| ISBN 978-7-5344-5754-8:CNY128.00 |
| 本书共五章,内容包括:厚积薄发 大师创作人生、守望创新 大师创作方法、作品欣赏、时代弄潮 大师创作随想、艺术评价。 |
| ● |
| 相关链接 |
|
|
|
|
正题名:中国工艺美术大师汪天稳
索取号:J521/347
 
预约/预借
| 序号 | 登录号 | 条形码 | 馆藏地/架位号 | 状态 | 备注 |
| 1 | 549922 | 205499227 | 第一样本阅览室/ [索取号:J521/347] | 在馆 | |
| 2 | 549923 | 205499236 | 第一借阅区/ [索取号:J521/347] | 在馆 | |
| 3 | 549924 | 205499245 | 密集书库-美术系/ [索取号:J521/347] | 在馆 |